General B C Joshi Memorial Lectures on National Security (Record no. 223920)

MARC details
000 -LEADER
fixed length control field 00585nam a22002057a 4500
005 - DATE AND TIME OF LATEST TRANSACTION
control field 20220718145254.0
008 - FIXED-LENGTH DATA ELEMENTS--GENERAL INFORMATION
fixed length control field 220718b ||||| |||| 00| 0 eng d
040 ## - CATALOGING SOURCE
Transcribing agency AL
041 ## - LANGUAGE CODE
Language code of text/sound track or separate title English
082 ## - DEWEY DECIMAL CLASSIFICATION NUMBER
Edition number 23
Classification number 954.2
Item number SENG
100 ## - MAIN ENTRY--PERSONAL NAME
Personal name Gautam Sen
100 ## - MAIN ENTRY--PERSONAL NAME
9 (RLIN) 50753
245 ## - TITLE STATEMENT
Title General B C Joshi Memorial Lectures on National Security
260 ## - PUBLICATION, DISTRIBUTION, ETC.
Place of publication, distribution, etc. Pune
Name of publisher, distributor, etc. University of Pune Press
Date of publication, distribution, etc. 2006
300 ## - PHYSICAL DESCRIPTION
Extent 95 p.
Other physical details PB
Dimensions 22x13 cm.
650 ## - SUBJECT ADDED ENTRY--TOPICAL TERM
Topical term or geographic name entry element India-Renaissance 2000
9 (RLIN) 50754
650 ## - SUBJECT ADDED ENTRY--TOPICAL TERM
Topical term or geographic name entry element Kashmir
9 (RLIN) 50755
650 ## - SUBJECT ADDED ENTRY--TOPICAL TERM
Topical term or geographic name entry element Indian Nation
9 (RLIN) 50756
700 ## - ADDED ENTRY--PERSONAL NAME
Personal name SEN (Gautam)
9 (RLIN) 50757
942 ## - ADDED ENTRY ELEMENTS (KOHA)
Source of classification or shelving scheme Dewey Decimal Classification
Koha item type George Fernandes Collections
Holdings
Withdrawn status Lost status Source of classification or shelving scheme Damaged status Not for loan Collection code Home library Current library Date acquired Total Checkouts Full call number Barcode Date last seen Price effective from Koha item type
    Dewey Decimal Classification     History St Aloysius Library St Aloysius Library 03/23/2013   954.2 SENG GF00404 07/18/2022 07/18/2022 George Fernandes Collections